Zmena pri používaní registračnej pokladnice

Nové zmeny o oblasti používania elektronickej registračnej pokladnice (zákon č. 361/2013, ktorým sa mení a dopĺňa zákon o používaní ERP).

Salvato in:
Dettagli Bibliografici
Autore principale: Boráková, Marta
Natura: Capitolo di libro
Lingua:slovacco
Soggetti:
Tags: Aggiungi Tag
Nessun Tag, puoi essere il primo ad aggiungerne!!

MARC

LEADER 00000naa a2200000 4500
001 0193953
005 20231120130244.5
041 0 |a slo 
044 |a SK 
245 1 0 |a Zmena pri používaní registračnej pokladnice  |c Marta Boráková 
520 |a Nové zmeny o oblasti používania elektronickej registračnej pokladnice (zákon č. 361/2013, ktorým sa mení a dopĺňa zákon o používaní ERP). 
610 2 0 |a pokladnice registračné 
610 2 0 |a Slovensko 
610 2 0 |a zákony 
610 2 0 |a novelizácia 
100 1 |a Boráková, Marta